Alphabetical Pokemon - Generation V - Statistics

General Stats
  • This quiz has been taken 73 times
  • The average score is 129 of 156
Answer Stats
Type Pokemon % Correct
Bug Accelgor
100%
Rock/Flying Archen
100%
Rock/Flying Archeops
100%
Dragon Axew
100%
Water Alomomola
92%
Grass/Poison Amoonguss
92%
Normal Audino
92%
Ice Beartic
92%
Dark/Steel Bisharp
92%
Electric Blitzle
92%
Rock Boldore
92%
Normal/Flying Braviary
92%
Ghost/Fire Chandelure
92%
Steel/Fighting Cobalion
92%
Ghost Cofagrigus
92%
Fighting Conkeldurr
92%
Grass/Fairy Cottonee
92%
Bug/Rock Crustle
92%
Ice Cryogonal
92%
Ice Cubchoo
92%
Fire Darmanitan
92%
Fire Darumaka
92%
Normal/Grass Deerling
92%
Dark/Dragon Deino
92%
Dragon Druddigon
92%
Psychic Duosion
92%
Bug/Steel Durant
92%
Bug/Rock Dwebble
92%
Electric Eelektrik
92%
Electric Eelektross
92%
Psychic Elgyem
92%
Fire/Fighting Emboar
92%
Electric/Flying Emolga
92%
Bug/Steel Escavalier
92%
Grass/Steel Ferroseed
92%
Grass/Steel Ferrothorn
92%
Dragon Fraxure
92%
Bug/Electric Galvantula
92%
Ground/Ghost Golett
92%
Ground/Ghost Golurk
92%
Psychic Gothita
92%
Psychic Gothitelle
92%
Psychic Gothorita
92%
Dragon Haxorus
92%
Fire Heatmor
92%
Normal Herdier
92%
Dark/Dragon Hydreigon
92%
Bug/Electric Joltik
92%
Bug Karrablast
92%
Steel Klang
92%
Steel Klink
92%
Steel Klinklang
92%
Ground/Dark Krokorok
92%
Ground/Dark Krookodile
92%
Dragon/Ice Kyurem
92%
Ghost/Fire Lampent
92%
Bug/Grass Leavanny
92%
Ghost/Fire Litwick
92%
Water Basculin
85%
Psychic Beheeyem
85%
Water/Rock Carracosta
85%
Normal Cinccino
85%
Water Dewott
85%
Ground Drilbur
85%
Water/Flying Ducklett
85%
Ground/Steel Excadrill
85%
Grass/Poison Foongus
85%
Water/Ghost Frillish
85%
Poison Garbodor
85%
Bug/Steel Genesect
85%
Rock Gigalith
85%
Fighting Gurdurr
85%
Water/Ghost Jellicent
85%
Ground/Flying Landorus
85%
Bug/Fire Larvesta
85%
Dark Liepard
85%
Grass Lilligant
85%
Normal Lillipup
85%
Dark/Flying Mandibuzz
85%
Fighting Mienfoo
85%
Fighting Mienshao
85%
Water/Ground Palpitoad
85%
Water Panpour
85%
Grass Pansage
85%
Fire Pansear
85%
Normal Patrat
85%
Dark/Steel Pawniard
85%
Normal/Flying Pidove
85%
Fire/Fighting Pignite
85%
Dark Purrloin
85%
Dragon/Fire Reshiram
85%
Psychic Reuniclus
85%
Rock Roggenrola
85%
Fighting Sawk
85%
Grass Maractus
77%
Normal/Psychic Meloetta
77%
Normal Minccino
77%
Psychic Munna
77%
Psychic Musharna
77%
Water Oshawott
77%
Normal/Flying Rufflet
77%
Water Samurott
77%
Ground/Dark Sandile
77%
Normal/Grass Sawsbuck
77%
Bug/Poison Scolipede
77%
Water/Ground Seismitoad
77%
Grass Serperior
77%
Grass Servine
77%
Bug/Grass Sewaddle
77%
Water Simipour
77%
Grass Simisage
77%
Fire Simisear
77%
Grass Snivy
77%
Rock/Fighting Terrakion
77%
Electric/Flying Thundurus
77%
Fighting Timburr
77%
Flying Tornadus
77%
Normal/Flying Tranquill
77%
Normal/Flying Unfezant
77%
Ice Vanillish
77%
Ice Vanillite
77%
Ice Vanilluxe
77%
Bug/Poison Venipede
77%
Grass/Fighting Virizion
77%
Bug/Fire Volcarona
77%
Dark/Flying Vullaby
77%
Ghost Yamask
77%
Electric Zebstrika
77%
Dragon/Electric Zekrom
77%
Dark Zoroark
77%
Dark Zorua
77%
Dark/Dragon Zweilous
77%
Normal Bouffalant
69%
Water/Fighting Keldeo
69%
Dark/Fighting Scrafty
69%
Dark/Fighting Scraggy
69%
Psychic/Flying Sigilyph
69%
Bug/Grass Swadloon
69%
Psychic/Flying Swoobat
69%
Fire Tepig
69%
Fighting Throh
69%
Water/Rock Tirtouga
69%
Poison Trubbish
69%
Water Tympole
69%
Electric Tynamo
69%
Bug/Poison Whirlipede
69%
Psychic/Flying Woobat
69%
Grass Petilil
62%
Psychic Solosis
62%
Normal Stoutland
62%
Ground/Electric Stunfisk
62%
Water/Flying Swanna
62%
Psychic/Fire Victini
62%
Normal Watchog
62%
Grass/Fairy Whimsicott
62%
Bug Shelmet
54%
No matching quizzes found
Score Distribution
Percent of People with Each Score
Percentile by Number Answered
Your Score History
You have not taken this quiz